Jane Austen Characters Sudden Death Quiz - Statistics

General Stats
  • This quiz has been taken 133 times
  • The average score is 10 of 15
Answers on the Grid
Answers color-coded by a green-red scale on the quiz's grid according to % correct below.
Elizabeth Bennet
Maria Bertram
Septimus Smith
Colonel Fitzwilliam Darcy
Augusta Bracknell
Mr William Collins
Jane Steventon
Mary Garth
Marianne Dashwood
Lady Rosamund Painswick
Mr George Knightley
Elizabeth Lavenza
Anne Elliot
Mr John Rivers
Lucy Steele
Elinor Dashwood
Daphne Basset
Catherine Morland
Lady Susan Vernon
Caroline Penvenen
Emma Woodhouse
Diana Parker
Charlotte Lucas
Mr Edward Ferrars
 
Answer Stats
Answer % Correct
Elizabeth Bennet
83%
Emma Woodhouse
83%
Colonel Fitzwilliam Darcy
81%
Charlotte Lucas
79%
Mr William Collins
78%
Elinor Dashwood
75%
Marianne Dashwood
74%
Mr George Knightley
74%
Mr Edward Ferrars
67%
Anne Elliot
64%
Lucy Steele
64%
Catherine Morland
56%
Lady Susan Vernon
49%
Maria Bertram
49%
Diana Parker
7%
No matching quizzes found
Score Distribution
Percent of People with Each Score
Percentile by Number Answered
Your Score History
You have not taken this quiz